LEADER 01202nam a22002891i 4500 001 991000560419707536 005 20021111111534.0 008 021017s1987 it a||||||||||||||||ita 020 $a8876860975 035 $ab12022706-39ule_inst 035 $aARCHE-011250$9ExL 040 $aDip.to Filologia Ling. e Lett.$bita$cA.t.i. Arché s.c.r.l. Pandora Sicilia s.r.l. 082 04$a016.8512 245 02$aI libri di Orlando innamorato 260 $aModena :$bPanini,$cstampa 1987 300 $a159 p., [48] c. di tav. :$bill. ;$c25 cm 490 0$aSaggi [Panini] 500 $aCatalogo della Mostra tenuta a Ferrara, Reggio Emilia e Modena nel 1987. 600 14$aBoiardo, Matteo Maria.$tOrlando innamorato$xEdizioni$xEsposizioni$y1987 650 4$aRomanzi cavallereschi italiani$ySec. 15.-16.$aEsposizioni bibliografiche -1987 710 2 $aIstituto di studi rinascimentali 907 $a.b12022706$b28-04-17$c01-04-03 912 $a991000560419707536 945 $aLE008 FL.M. V I 62$g1$i2008000138578$lle008$o-$pE0.00$q-$rl$s- $t0$u0$v0$w0$x0$y.i12311601$z01-04-03 996 $aLibri di Orlando innamorato$9142150 997 $aUNISALENTO 998 $ale008$b01-04-03$cm$da $e-$fita$git $h2$i1 LEADER 01867nam0 22004453i 450 001 TO00326155 005 20251003044404.0 020 $aIT$b78-11122 100 $a20150609d1978 ||||0itac50 ba 101 | $aita$cita 102 $ait 181 1$6z01$ai $bxxxe 182 1$6z01$an 183 1$6z01$anc$2RDAcarrier 200 1 $aTeoria e politica monetaria$fGiacomo Vaciago 210 $aBologna$cil Mulino$d©1978 215 $a297 p.$d21 cm. 225 | $aˆLa ‰nuova scienza$i. Serie di economia 410 0$1001CFI0000019$12001 $aˆLa ‰nuova scienza$i. Serie di economia 500 10$aTeoria e politica monetaria$3UBO4631058$9CFIV020374$952140 606 $aMoneta$2FIR$3CFIC004658$9E 606 $aPolitica monetaria$2FIR$3CFIC004659$9E 676 $a330.1$9ECONOMIA. SISTEMI, SCUOLE, TEORIE$v21 676 $a332.4$9$v21 676 $a332.46$9POLITICA MONETARIA$v23 696 $aUnità monetaria$aDanaro$aDenaro 699 $aMoneta$zUnità monetaria 699 $aMoneta$yDanaro 699 $aMoneta$yDenaro 700 1$aVaciago$b, Giacomo$3CFIV020374$4070$089573 790 1$aVaciago$b, G.$3BVEV301903$zVaciago, Giacomo 801 3$aIT$bIT-000000$c20150609 850 $aIT-BN0095 $aIT-NA0457 901 $bNAP BI$cSALA 1 $nLibri da 1 a 960 901 $bNAP 01$cPOZZO LIB.$nVi sono collocati fondi di economia, periodici di ingegneria e scienze, periodici di economia e statistica e altri fondi comprendenti documenti di economia pervenuti in dono. 912 $aTO00326155 950 0$aBiblioteca Centralizzata di Ateneo$c1 v.$d 01POZZO LIB.ECON MON 7621$e 0101 0700123875E VMA 1 v. (Precedente collocazione 12 EC 387)$fB $h20220808$i20220808 977 $a 01$a BI 996 $aTeoria e politica monetaria$952140 997 $aUNISANNIO